Grenzen überqueren - Deutschlandversion - Statistiken

Allgemein
  • Dieses Quiz wurde 10.806 mal gespielt
  • Das Durchschnittsergebnis liegt bei 10 aus 14
Antwortstatistiken
Bundesland Himmelsrichtung Antwort % Korrekt
Bayern Westen Baden-Württemberg
98%
Bremen Alle Richtungen Niedersachsen
92%
Rheinland-Pfalz Norden Nordrhein-Westfalen
92%
Saarland Nord/Osten Rheinland-Pfalz
92%
Brandenburg Nord Mecklenburg-Vorpommern
89%
NRW Norden Niedersachsen
85%
Hamburg Norden/Osten Schleswig-Holstein
83%
Sachsen-Anhalt Osten Brandenburg
78%
Baden-Württemberg Nordwesten Rheinland-Pfalz
70%
Thüringen Süden Bayern
60%
Hessen Süden Baden-Württemberg
55%
Sachsen-Anhalt Westen Niedersachsen
53%
Schleswig-Holstein Osten Mecklenburg-Vorpommern
47%
Sachsen Süden Bayern
41%
Keine übereinstimmenden Quizze gefunden
Verteilung der Resultate
Anzahl Personen mit jedem Resultat
Perzentil nach korrekt beantworteten Fragen
Ihre Resultats-Entwicklung
Sie haben dieses Quiz noch nicht gespielt